000 00455nam a22001697a 4500
999 _c62604
_d62604
005 20241216165748.0
008 241216s2024 enk||||| |||| 00| 0 eng d
020 _a9789464262759x
041 _aeng
080 _a94(37) C-95
245 _aCurrent Approaches to Roman Frontiers /
_bLIMES XXV volume 1.
264 _aLeiden,
_c2024.
300 _a374 p.;
_bill.;
_c28 cm.
653 _aრომი
653 _aისტორია
942 _2udc
_cBK